| 000 | 00609nam a2200193Ia 4500 | ||
|---|---|---|---|
| 008 | 090124s9999 xx 000 0 und d | ||
| 082 | _b128577 | ||
| 100 | _aचेस जेम्स हॅडले | ||
| 245 | _a हायवेवर हिप्पी | ||
| 250 | _a1 | ||
| 260 | _c1998 | ||
| 300 | _a215 | ||
| 600 | _aचेस जेम्स हॅडले | ||
| 630 | _a हायवेवर हिप्पी | ||
| 700 | _aदेखणे मनोहर | ||
| 700 | _aचेस जेम्स हॅडले | ||
| 730 | _a हायवेवर हिप्पी | ||
| 942 | _cBOOK | ||
| 999 |
_c174666 _d174666 |
||